000 00846nac a22002291u 4500
010 _a 81021924
020 _a0683034030 (pbk.)
082 0 0 _a616.075
_bG127
090 _c3608
_d3608
100 _aGaede, Jane T.
245 1 0 _aClinical pathology for the house officer /
_cJane T. Gaede.
260 _aBaltimore :
_bWilliams & Wilkins,1982
_c1982.
300 _axi, 182 p. ;
_c19 cm.
500 _aDonations
500 _aDonations-Bibliotheca Alexandrina
504 _aIncludes bibliographies and index.
650 0 _aDiagnosis, Laboratory
_xHandbooks, manuals, etc.
650 0 _aPathology, Clinical
_xMethods.
650 0 _aDiagnosis, Laboratory
_xMethods.
942 _cBB
_k616.075G127
999 _c3608
_d3608